CZŁONEK RODZINY, Z KTÓRYM NIE JESTEŚMY SPOKREWNIENI: - Statystyki

Ogólne statystyki
  • Ten quiz został rozwiązany 76 razy
  • Średni wynik to 4 z 6
Statystyki odpowiedzi
Odpowiedź % Poprawnych
SZWAGIER
90%
TEŚĆ
87%
TEŚCIOWA
85%
BRATOWA
62%
ŻONA
54%
MĄŻ
53%
Nie znaleziono quizów pasujących do podanych kryteriów
Rozkład punktacji
Procent ludzi z każdym wynikiem
Percentyl według liczby udzielonych odpowiedzi
Twoja historia wyników
Nie rozwiązałeś tego quizu